[Event "Ceske Budejovice op-A"]
[Site "Ceske Budejovice"]
[Date "2023.07.06"]
[Round "6"]
[White "Smola, David"]
[Black "Dobsa, Emma"]
[Result "1/2-1/2"]
[WhiteElo "1797"]
[BlackElo "1462"]
[PlyCount "61"]
[EventDate "2023.07.01"]
[EventType "swiss"]
[EventRounds "9"]
[EventCountry "CZE"]
[SourceTitle "CBM 215 Extra"]
[Source "ChessBase"]
[SourceDate "2023.09.30"]
[SourceVersion "1"]
[SourceVersionDate "2023.09.30"]
[SourceQuality "1"]

1. e4 e5 2. Nf3 Nc6 3. Bc4 Bc5 4. 0-0 Nf6 5. d4 Bxd4 6. Nxd4 Nxd4 7. f4 d6 8. fxe5 dxe5 9. Bg5 Qe7 10. c3 Ne6 11. Bxe6 Bxe6 12. Kh1 Rg8 13. Qf3 0-0-0 14. Na3 h6 15. Bh4 Rd2 16. Qe3 Rxb2 17. Qxa7 g5 18. Qa8+ Kd7 19. Rad1+ Bd5 20. Qa4+ Kc8 21. Bg3 Rxa2 22. Rxd5 Nxd5 23. Qa8+ Kd7 24. Qxg8 Ne3 25. Re1 Rxa3 26. Rxe3 Ra1+ 27. Re1 Qf6 28. Kg1 Rxe1+ 29. Bxe1 Qb6+ 30. Kf1 Qa6+ 31. Kg1 1/2-1/2

[Event "Ceske Budejovice op-A"]
[Site "Ceske Budejovice"]
[Date "2023.07.05"]
[Round "5"]
[White "Placer, Sebastian"]
[Black "Smola, David"]
[Result "1-0"]
[WhiteElo "1997"]
[BlackElo "1797"]
[PlyCount "101"]
[EventDate "2023.07.01"]
[EventType "swiss"]
[EventRounds "9"]
[EventCountry "CZE"]
[SourceTitle "CBM 215 Extra"]
[Source "ChessBase"]
[SourceDate "2023.09.30"]
[SourceVersion "1"]
[SourceVersionDate "2023.09.30"]
[SourceQuality "1"]

1. d4 Nf6 2. c4 g6 3. Nc3 Bg7 4. e4 d6 5. Nf3 0-0 6. Be2 Nbd7 7. Be3 c5 8. d5 a6 9. a4 Qc7 10. 0-0 Ng4 11. Bd2 Nge5 12. Ne1 Nf6 13. f4 Ned7 14. Nd3 a5 15. Bf3 b6 16. Qe2 Ne8 17. Rae1 Ba6 18. b3 Bd4+ 19. Kh1 Ng7 20. g4 Rae8 21. Qg2 e6 22. h4 Qd8 23. Qh3 e5 24. f5 Nf6 25. g5 Nd7 26. f6 Nh5 27. Bxh5 gxh5 28. Qf3 Qc8 29. Kh2 Kh8 30. Qxh5 Nb8 31. Ne2 Qc7 32. Ng3 Bc8 33. Rf3 Rg8 34. Nf2 Bxf2 35. Rxf2 Na6 36. Rg1 Nb4 37. Bxb4 cxb4 38. Nf5 Qc5 39. Rfg2 Rg6 40. Ne7 Qe3 41. Rg3 Qf4 42. Nxg6+ fxg6 43. Qf3 Qxh4+ 44. Kg2 Qf4 45. Rf1 Kg8 46. Qxf4 exf4 47. Rxf4 Kf7 48. Rh4 Kg8 49. Kf3 Re5 50. Kf4 Bd7 51. f7+ 1-0

[Event "Ceske Budejovice op-A"]
[Site "Ceske Budejovice"]
[Date "2023.07.03"]
[Round "3"]
[White "Tsifanskaya, Ludmila A"]
[Black "Smola, David"]
[Result "1/2-1/2"]
[WhiteElo "1964"]
[BlackElo "1797"]
[PlyCount "84"]
[EventDate "2023.07.01"]
[EventType "swiss"]
[EventRounds "9"]
[EventCountry "CZE"]
[SourceTitle "CBM 215 Extra"]
[Source "ChessBase"]
[SourceDate "2023.09.30"]
[SourceVersion "1"]
[SourceVersionDate "2023.09.30"]
[SourceQuality "1"]

1. Nf3 d5 2. g3 Nf6 3. Bg2 c6 4. 0-0 Bg4 5. Ne5 Bh5 6. c4 e6 7. d4 Nbd7 8. cxd5 Nxe5 9. dxe5 Nxd5 10. Nd2 Qc7 11. Nf3 Bxf3 12. Bxf3 Qxe5 13. Qb3 0-0-0 14. e4 Nf6 15. Bf4 Qa5 16. Rac1 Bb4 17. Rc2 Bd2 18. e5 Bxf4 19. exf6 Bc7 20. fxg7 Rhg8 21. Rfc1 Rd6 22. Rc5 Qa6 23. Qc3 Qd3 24. Qf6 Qg6 25. Qxg6 hxg6 26. b4 Bb6 27. R5c2 Kb8 28. a4 a5 29. b5 c5 30. Rc4 Rxg7 31. h4 f6 32. Kg2 Rgd7 33. R1c2 Rd2 34. Rxd2 Rxd2 35. g4 f5 36. h5 fxg4 37. Bxg4 gxh5 38. Bxe6 Rd4 39. Bf7 h4 40. Kh3 Rxc4 41. Bxc4 Bd8 42. b6 Bxb6 1/2-1/2

[Event "CZE-chT2A 2223"]
[Site "Czech Republic"]
[Date "2023.03.26"]
[Round "11.5"]
[White "Smola, David"]
[Black "Muron, Miroslav"]
[Result "0-1"]
[WhiteElo "1603"]
[BlackElo "2168"]
[PlyCount "40"]
[EventDate "2022.10.16"]
[EventType "team-tourn"]
[EventRounds "11"]
[EventCountry "CZE"]
[SourceTitle "EXT 2024"]
[Source "ChessBase"]
[SourceDate "2023.10.10"]
[SourceVersion "1"]
[SourceVersionDate "2023.10.10"]
[SourceQuality "1"]
[WhiteTeam "Budejovice II"]
[BlackTeam "Praha Dukla"]
[WhiteTeamCountry "CZE"]
[BlackTeamCountry "CZE"]

1. e4 e5 2. Nf3 Nc6 3. Bc4 Bc5 4. 0-0 Nf6 5. d4 exd4 6. e5 d5 7. exf6 dxc4 8. Re1+ Be6 9. Ng5 Qxf6 10. Nxe6 fxe6 11. Qh5+ Qf7 12. Qxc5 0-0-0 13. Qxc4 Rd5 14. Nd2 Ne5 15. Qb3 Rf8 16. Qg3 Qf5 17. Ne4 d3 18. f4 dxc2 19. fxe5 Rd1 20. Bd2 Qf1+ 0-1

[Event "CZE-chT2A 2223"]
[Site "Czech Republic"]
[Date "2022.11.06"]
[Round "2.4"]
[White "Rolinek, Dominik"]
[Black "Smola, David"]
[Result "1-0"]
[WhiteElo "2049"]
[BlackElo "1603"]
[PlyCount "47"]
[EventDate "2022.10.16"]
[EventType "team-tourn"]
[EventRounds "11"]
[EventCountry "CZE"]
[SourceTitle "EXT 2024"]
[Source "ChessBase"]
[SourceDate "2023.10.10"]
[SourceVersion "1"]
[SourceVersionDate "2023.10.10"]
[SourceQuality "1"]
[WhiteTeam "Budejovice"]
[BlackTeam "Budejovice II"]
[WhiteTeamCountry "CZE"]
[BlackTeamCountry "CZE"]

1. d4 Nf6 2. Bf4 g6 3. Nc3 Bg7 4. Nf3 d6 5. e4 0-0 6. Qd2 Nbd7 7. 0-0-0 c5 8. Bh6 a6 9. Bxg7 Kxg7 10. e5 Ne8 11. h4 cxd4 12. Qxd4 Qb6 13. Qf4 dxe5 14. Nxe5 Nxe5 15. Qxe5+ Qf6 16. Qe3 h5 17. Nd5 Qe6 18. Qd4+ Kh7 19. Bc4 Qd6 20. Qe3 Qe6 21. Qc3 Qf5 22. Nxe7 Qxf2 23. Rdf1 Qc5 24. Nxg6 1-0

[Event "Ceske Budejovice op-A"]
[Site "Ceske Budejovice"]
[Date "2022.07.09"]
[Round "9"]
[White "Petirova, Iva"]
[Black "Smola, David"]
[Result "1-0"]
[WhiteElo "1722"]
[BlackElo "1609"]
[PlyCount "55"]
[EventDate "2022.07.01"]
[EventType "swiss"]
[EventRounds "9"]
[EventCountry "CZE"]
[SourceTitle "CBM 209 Extra"]
[Source "ChessBase"]
[SourceDate "2022.09.30"]
[SourceVersion "1"]
[SourceVersionDate "2022.09.30"]
[SourceQuality "1"]

1. e4 c5 2. c3 d6 3. d4 cxd4 4. cxd4 Nf6 5. Nc3 g6 6. Nf3 Bg7 7. Bd3 0-0 8. 0-0 Nc6 9. h3 Bd7 10. Be3 Rc8 11. a3 Na5 12. Rc1 Nc4 13. Bxc4 Rxc4 14. Qb3 Rc7 15. d5 b6 16. Nd4 Qb8 17. f4 Bh6 18. g4 Qc8 19. Ncb5 Rc5 20. Nxa7 Qa8 21. Nac6 Nxe4 22. Nxe7+ Kh8 23. Ndc6 Bxc6 24. dxc6 Qd8 25. Nd5 Rxc1 26. Rxc1 Qc8 27. Nxb6 Qc7 28. Nd5 1-0

[Event "Ceske Budejovice op-A"]
[Site "Ceske Budejovice"]
[Date "2022.07.06"]
[Round "6"]
[White "Smola, David"]
[Black "Shirinyan, Daniel"]
[Result "0-1"]
[WhiteElo "1609"]
[BlackElo "1876"]
[PlyCount "66"]
[EventDate "2022.07.01"]
[EventType "swiss"]
[EventRounds "9"]
[EventCountry "CZE"]
[SourceTitle "CBM 209 Extra"]
[Source "ChessBase"]
[SourceDate "2022.09.30"]
[SourceVersion "1"]
[SourceVersionDate "2022.09.30"]
[SourceQuality "1"]

1. e4 c5 2. Nf3 d6 3. d4 cxd4 4. Nxd4 Nf6 5. Nc3 a6 6. Be3 e5 7. Nf3 Be7 8. Qd2 Nbd7 9. Bc4 0-0 10. 0-0 Nb6 11. Bb3 Bd7 12. Rfe1 Rc8 13. Qd3 Qc7 14. Rad1 Bc6 15. Nd2 Rfd8 16. Bxb6 Qxb6 17. Nc4 Qc7 18. Ne3 b5 19. f3 Qa7 20. Kh1 Bf8 21. Ncd5 Nd7 22. Nf5 Nc5 23. Qe3 Qb7 24. Qg5 Kh8 25. Nde7 h6 26. Nxh6 Qxe7 27. Nxf7+ Kg8 28. Qh5 Nxb3 29. Nxd8 Be8 30. Qf5 Bd7 31. Qg6 Na5 32. b4 Nc4 33. Nb7 Be8 0-1

[Event "Ceske Budejovice op-A"]
[Site "Ceske Budejovice"]
[Date "2022.07.03"]
[Round "3"]
[White "Nagyova, Daniela"]
[Black "Smola, David"]
[Result "1-0"]
[WhiteElo "1712"]
[BlackElo "1609"]
[PlyCount "75"]
[EventDate "2022.07.01"]
[EventType "swiss"]
[EventRounds "9"]
[EventCountry "CZE"]
[SourceTitle "CBM 209 Extra"]
[Source "ChessBase"]
[SourceDate "2022.09.30"]
[SourceVersion "1"]
[SourceVersionDate "2022.09.30"]
[SourceQuality "1"]

1. e4 e5 2. Nf3 Nc6 3. Bc4 Bc5 4. b4 Bxb4 5. c3 Bc5 6. 0-0 d6 7. d4 Bb6 8. dxe5 dxe5 9. Qb3 Qe7 10. Ba3 Na5 11. Bxe7 Nxb3 12. axb3 Nxe7 13. Nxe5 f6 14. Nf3 Bg4 15. Nd4 Ng6 16. f3 Bd7 17. f4 0-0-0 18. Kh1 Rhe8 19. Nd2 Re7 20. Ra2 Kb8 21. b4 Bc8 22. f5 Nf8 23. N4f3 Nd7 24. Bb3 Ne5 25. Nxe5 Rxe5 26. Rf3 Bd7 27. Rd3 Kc8 28. Ra1 Bc6 29. Be6+ Bd7 30. Bd5 Bc6 31. Nc4 Re7 32. Be6+ Bd7 33. Rad1 g6 34. g4 h5 35. Bxd7+ Rexd7 36. Rxd7 Rxd7 37. Rxd7 Kxd7 38. fxg6 1-0

[Event "Ceske Budejovice op-B"]
[Site "Ceske Budejovice"]
[Date "2020.07.04"]
[Round "4"]
[White "Wojdyla, Alex"]
[Black "Smola, David"]
[Result "1-0"]
[WhiteElo "1254"]
[BlackElo "1649"]
[PlyCount "91"]
[EventDate "2020.07.01"]
[EventType "swiss"]
[EventRounds "9"]
[EventCountry "CZE"]
[SourceTitle "CBM 197 Extra"]
[Source "ChessBase"]
[SourceDate "2020.09.30"]
[SourceVersion "1"]
[SourceVersionDate "2020.09.30"]
[SourceQuality "1"]

1. Nf3 d5 2. b3 c5 3. e3 Nc6 4. Bb2 Bg4 5. Be2 e6 6. h3 Bh5 7. d4 Nf6 8. Nbd2 Be7 9. 0-0 0-0 10. dxc5 Bxc5 11. Rc1 Qe7 12. Ne5 Nxe5 13. Bxh5 Nc6 14. c4 Rfd8 15. cxd5 Rxd5 16. Bf3 Rd3 17. Bxf6 Qxf6 18. Rxc5 Rad8 19. Ne4 Qe7 20. Qc1 R3d7 21. Qc4 Rd5 22. b4 Ne5 23. Qe2 f5 24. Rxd5 Rxd5 25. Nc5 Nxf3+ 26. Qxf3 b6 27. Nb3 Qxb4 28. Rd1 Rxd1+ 29. Qxd1 Qa4 30. Qd6 Kf7 31. Qc7+ Kg8 32. Qe5 Kf7 33. Qc7+ Kg8 34. Qd8+ Kf7 35. Qd2 a5 36. Kf1 Qc6 37. Nd4 Qd5 38. Qb2 Qc5 39. Qb5 Qc7 40. Qc6 Qe7 41. Qxb6 Qd7 42. Qc6 Qe7 43. Ke2 g6 44. f3 e5 45. Qd5+ Kf6 46. Nc6 1-0

[Event "Ceske Budejovice op-B"]
[Site "Ceske Budejovice"]
[Date "2020.07.02"]
[Round "2"]
[White "Berkovec, Jakub"]
[Black "Smola, David"]
[Result "0-1"]
[WhiteElo "1224"]
[BlackElo "1649"]
[PlyCount "36"]
[EventDate "2020.07.01"]
[EventType "swiss"]
[EventRounds "9"]
[EventCountry "CZE"]
[SourceTitle "CBM 197 Extra"]
[Source "ChessBase"]
[SourceDate "2020.09.30"]
[SourceVersion "1"]
[SourceVersionDate "2020.09.30"]
[SourceQuality "1"]

1. e4 e5 2. Nf3 Nc6 3. d4 exd4 4. Nxd4 Bc5 5. Nb3 Bb6 6. Nc3 Qf6 7. Qe2 Nge7 8. Be3 0-0 9. 0-0-0 d6 10. Bxb6 axb6 11. f3 Be6 12. Qf2 Nb4 13. a3 Bxb3 14. cxb3 Rxa3 15. Qd4 Ra1+ 16. Nb1 Qg5+ 17. Qd2 Qc5+ 18. Qc3 Na2+ 0-1